O VYUČOVANÍ VYBRANÝCH SLOV V 3. A 4. ROČNÍKU ZDŠ

Bibliographic Details
Main Author: Betáková, Valéria, 1920-1990 (Author)
Format: Article
Language:Slovak

MARC

LEADER 00000nab a2200000 a 4500
001 vtls010727269
003 SK-MaSNL
005 20260305001707.0
008 250709s xo |||||||||||||||||slo|
035 |a (urnnbn)urn:nbn:sk:snk:ar-a050tf 
035 |a (uuid)e1a6fe83-8ec8-4dca-8362-a967b749e605 
035 |a urn:nbn:sk:snk-ab3qrs 
040 |a SNKBUCL  |b slo  |c SNKBUCL  |e AACR2 
041 0 |a slo 
044 |a xo  |c SK 
100 1 |a Betáková, Valéria,  |d 1920-1990  |4 aut  |9 107285 
245 1 0 |a O VYUČOVANÍ VYBRANÝCH SLOV V 3. A 4. ROČNÍKU ZDŠ  |c Valéria Betáková 
773 0 |t Slovenský jazyk a literatúra v škole : časopis pre otázky jazyka a literatúry  |g Roč. 11, č. 2 (1964-1965), s. 50-57 
850 |a Slovenská národná knižnica 
852 |a Slovenská národná knižnica 
954 |a odborná, vedecká literatúra pôvodná (slovenská)  |2 lita 
958 |a article1 
958 |a OND 
958 |a EUIPO 
999 |c 3220708  |d 3222638